000 005140000a22001810004500
020 _a0-947009-02-7
041 0 _aENG
082 0 4 _aG 261.8348 B6726b
100 1 _aBoesak, Allan (1946-)
245 1 0 _aBlack and reformed : Apartheid, liberation and the calvinist tradition / Allan Boesak
260 _aJohannesburg, USA : Skotaville
300 _aXVI, 176 Pag
001 6966
942 _cBK
999 _c37207
_d37207
336 _atexto
_btxt
_2rdacontent
337 _2rdamedia
_asin mediación
_bn
338 _2rdacarrier
_avolumen
_bnc